75 People who Died in the 2010s - Statistics

General Stats
  • This quiz has been taken 782 times
  • The average score is 37 of 75
Answer Stats
Year Known For Answer % Correct
2013 South Africa President (1994-1999) Nelson Mandela
88%
2016 Musician (Purple Rain) Prince
84%
2016 Cuban Leader (1959-2008) Fidel Castro
83%
2011 Terrorist (Al-Qaeda) Osama Bin Laden
83%
2018 US President (1989-1993) George H. W. Bush
82%
2011 Singer (Rehab) Amy Winehouse
81%
2016 US First Lady (1981-1989) Nancy Reagan
81%
2011 Businessman (Apple) Steve Jobs
81%
2014 Actor (Mrs. Doubtfire) Robin Williams
80%
2018 Comics (Marvel) Stan Lee
80%
2012 Singer (I Will Always Love You) Whitney Houston
80%
2016 Boxer Muhammad Ali
79%
2016 Author (To Kill a Mockingbird) Harper Lee
78%
2015 Actor (Lord of the Rings) Christopher Lee
77%
2013 UK Prime Minister (1979-1990) Margaret Thatcher
77%
2018 Singer (R.E.S.P.E.C.T) Aretha Franklin
76%
2016 Actress (Star Wars) Carrie Fisher
74%
2016 Musician (Space Oddity) David Bowie
73%
2016 Singer (Careless Whisper) George Michael
71%
2012 Astronaut (Apollo 11) Neil Armstrong
69%
2017 Publisher (Playboy) Hugh Hefner
68%
2017 Actress (The ____ _____ _____ Show) Mary Tyler Moore
66%
2016 Actor (Harry Potter, Die Hard) Alan Rickman
64%
2011 Actress (Cleopatra) Elizabeth Taylor
64%
2017 Actor (James Bond) Roger Moore
64%
2011 US First Lady (1974-1977) Betty Ford
62%
2016 Actor (Willy Wonka, Blazing Saddles) Gene Wilder
62%
2017 Murderer and Cult Leader Charles Manson
61%
2019 Zimbabwe President (1987-2017) Robert Mugabe
61%
2013 Actor (Fast & Furious) Paul Walker
59%
2017 Musician (Johnny B. Goode) Chuck Berry
56%
2018 Physicist Stephen Hawking
56%
2016 Singer-Songwriter (Hallelujah) Leonard Cohen
53%
2015 Actor (Star Trek) Leonard Nimoy
53%
2017 Musician ( ___ ____ and the Heartbreakers) Tom Petty
52%
2010 Author (The Catcher in the Rye) J. D. Salinger
51%
2014 Actor (Capote) Philip Seymour Hoffman
50%
2013 Venezuela President (1999-2013) Hugo Chavez
49%
2019 French President (1995-2007) Jacques Chirac
48%
2013 Actor (Lawrence of Arabia) Peter O'Toole
47%
2017 Actor (Batman, Family Guy) Adam West
46%
2014 Golden-Age Child Actress (The Little Colonel) Shirley Temple
46%
2015 Singer (Stand By Me) Ben E. King
45%
2013 Actor (The Sopranos) James Gandolfini
45%
2018 UN Secretary General (1997-2006) Kofi Annan
45%
2010 Actor (Airplane!) Leslie Nielsen
43%
2018 Arizona Senator John McCain
37%
2018 Chef (Parts Unknown) Anthony Bourdain
36%
2014 Comedienne (Oscars' Red Carpet) Joan Rivers
35%
2019 Actor (Beverly Hills, 90210) Luke Perry
33%
2017 Actor (The Elephant Man) John Hurt
31%
2014 Actor (Who Framed Roger Rabbit) Bob Hoskins
30%
2018 American Evangelical Preacher Billy Graham
29%
2014 Actor and Director (Jurassic Park) Richard Attenborough
29%
2014 Poet and Civil Rights Activist Maya Angelou
28%
2012 Singer (I Feel Love) Donna Summer
27%
2010 Actor (Diff'rent Strokes) Gary Coleman
26%
2014 Actor and Director (Ghostbusters) Harold Ramis
26%
2019 Actress (Calamity Jane) Doris Day
25%
2019 Fashion Designer (Chanel) Karl Lagerfeld
24%
2012 Actor (The Green Mile) Michael Clarke Duncan
24%
2013 Author (Patriot Games) Tom Clancy
24%
2016 Astronaut (Mercury-Atlas 6) John Glenn
23%
2010 British Fashion Designer Alexander McQueen
22%
2018 Director (One Flew Over the Cuckoo's Nest) Milos Forman
20%
2010 Actor (Blue Velvet) Dennis Hopper
19%
2018 Actor (Austin Powers) Verne Troyer
19%
2010 Actor (The Lost Boys) Corey Haim
18%
2016 Director (The Deer Hunter) Michael Cimino
15%
2014 Director (The Graduate) Mike Nichols
15%
2019 Author (Song of Solomon) Toni Morrison
15%
2011 Writer (God is Not Great) Christopher Hitchens
11%
2014 Golden-Age Actor (Babes in Arms) Mickey Rooney
8%
2019 Actor (Curb Your Enthusiasm) Bob Einstein
7%
2019 Actress (Thoroughly Modern Minnie) Carol Channing
7%
No matching quizzes found
Score Distribution
Percent of People with Each Score
Percentile by Number Answered
Your Score History
You have not taken this quiz